Assassin's Creed Valhalla Quiz - Statistics

General Stats
  • This quiz has been taken 172 times
  • The average score is 9 of 30
Answer Stats
Number Hint Answer % Correct
#1 The Person You Play As Eivor
98%
#4 The Son #3 Sigurd
84%
#2 The Clan You're In Raven Clan
80%
#8 Your Base in England Ravensthorpe
65%
#5 The Father Of #1 Varin
43%
#17 The Person That Gives You Order Of The Ancients Missions Hytham
38%
#18 The First Order Of The Ancients That You Kill Kjotve The Cruel
38%
#9 The Blacksmith In Your Clan Gunnar
35%
#30 A Special Type Of Viking That You Can Hire And Are Incredibly Powerful Jomsviking
34%
#16 From Third To Fourth Tier Tungsten Ingot
33%
#15 From Second To Third Tier Nickel Ingot
29%
#3 The Clan's Leader Styrbjorn
29%
#19 Extra Order Of The Ancients That You Can Kill Zealot
27%
#14 The Material You Need To Upgrade From The First To Second Tier Carbon Ingot
26%
#22 The Instrument's Fulke
25%
#25 The Grand Maegester's Aelfred
23%
#26 The Highest Power Level You Can Have 400
22%
#6 Your Main City Fornburg
20%
#13 The Fourth And Highest Tier Mythical
20%
#12 The Third Tier Flawless
17%
#10 The First And Lowest Tier Of Equipment Fine
16%
#11 The Second Tier Superior
16%
#24 The Keel's Gorm Kjotvesson
14%
#27 The Armor You Start With... Thrall
13%
#28 ...And The Name Means Slave
12%
#29 The Betrayor Of Soma's Clan Galinn
11%
#23 The Vice's Reeve Derby
7%
#20 The Rake's Real Name Sister Blaeswith
6%
#21 The Lyre's Tatfrid
6%
#7 The Mission That Takes You To England For The First Time The Seas of Fate
6%
No matching quizzes found
Score Distribution
Percent of People with Each Score
Percentile by Number Answered
Your Score History
You have not taken this quiz